000 01293nam a22003617a 4500
003 CHAP
005 20220329140338.0
008 971013s1980 r 00010 d
010 _a50730
011 _a51702
035 _a55852
040 _cCHAP
090 _aTesis
100 0 0 _aRodríguez González, María Teresa.
_998552
245 _aResistencia a la sequía I ; estudio preliminar sobre la herencia del ácido abscísico (ABA) en Zea mays L.
260 _aChapingo, Méx. :
_bEl autor,
_c1980
300 _a97 h.
_b; apénd. : ilus. ; gráfs.
502 _aTesis (M. C. Esp. en Botánica) -- Colegio de Postgraduados. Centro de Botánica
590 _aALEPH
_b10
_c20130110
_lUCH01
_h1325
590 _aBATCH-UPD
_b10
_c20130110
_lUCH01
_h1640
590 _aBATCH-UPD
_b10
_c20130410
_lUCH01
_h1031
590 _aBATCH-UPD
_b10
_c20130914
_lUCH01
_h1752
590 _aCONVERSION
_b10
_c20130109
_lUCH01
_h1328
650 1 4 _aAcido abscisico.
_9568
650 1 4 _aMaíz
_xMejoramiento.
_971006
650 1 4 _aMaíz
_xResistencia a sequía.
_971053
650 1 4 _aPlantas
_xCrecimiento
_xAditivos.
_988804
901 _aBK
942 _cFOLL
949 _bBC
_cTES
_d-122317
_eTS1
_i55852
_si
949 _bBC
_cTES
_d-122319
_eTS2
_fc.2
_i55852
_si
949 _bBC
_cTES
_d-122320
_eTS2
_fc.3
_i55852
_si
999 _c50730
_d50730